Flags Of 1940 - Statistics

General Stats
  • This quiz has been taken 22 times
  • The average score is 74 of 179
Answer Stats
Picture Answer % Correct
Afghanistan
94%
Argentina
94%
Brazil
94%
Colombia
94%
Portugal
94%
Australia
89%
Chile
89%
Estonia
89%
Finland
89%
France
89%
Germany
89%
Ireland
89%
Italy
89%
Japan
89%
Liberia
89%
Mexico
89%
New Zealand
89%
Paraguay
89%
Soviet Union
89%
Spain
89%
Andorra
83%
Bolivia
83%
Bulgaria
83%
China
83%
Cuba
83%
Dominican Republic
83%
Honduras
83%
Latvia
83%
Lithuania
83%
Monaco
83%
Nepal
83%
Nicaragua
83%
Panama
83%
Romani
83%
San Marino
83%
Sweden
83%
Switzerland
83%
United Kingdom
83%
Venezuela
83%
Belarus
78%
Costa Rica
78%
Guatemala
78%
Haiti
78%
Hungary
78%
Iceland
78%
Iran
78%
Kazakhstan
78%
Liechtenstein
78%
Moldova
78%
Mongolia
78%
Peru
78%
Romania
78%
Russia
78%
Saudi Arabia
78%
Tajikistan
78%
Thailand
78%
Tibet
78%
Turkey
78%
Vatican City
78%
Azerbaijan
72%
Canada
72%
Ecuador
72%
Georgia
72%
Georgia
72%
Greece
72%
Iraq
72%
Kyrgyzstan
72%
South Africa
72%
Uruguay
72%
USA
72%
Armenia
67%
Egypt
67%
El Salvador
67%
Turkmenistan
67%
Uzbekistan
67%
Ukraine
61%
Yugoslavia
56%
Vichy France
50%
Yemen
50%
Arkansas
33%
Colorado
33%
New Mexico
33%
Ohio
33%
Texas
33%
Alabama
28%
Arizona
28%
California
28%
Florida
28%
Free France
28%
Indiana
28%
Kansas
28%
Kentucky
28%
New York
28%
North Dakota
28%
Oregon
28%
Pennsylvania
28%
South Dakota
28%
Virginia
28%
Idaho
22%
Iowa
22%
Louisiana
22%
Maryland
22%
Mississippi
22%
Nebraska
22%
New Hampshire
22%
New Jersey
22%
North Carolina
22%
South Carolina
22%
Washington
22%
Wyoming
22%
Connecticut
17%
Delaware
17%
Illinois
17%
Maine
17%
Michigan
17%
Minnesota
17%
Montana
17%
Nevada
17%
Oklahoma
17%
Tennessee
17%
Tuva
17%
Utah
17%
Vermont
17%
Wisconsin
17%
Buddhism
11%
Massachusetts
11%
Missouri
11%
Nova Scotia
11%
Esperanto
6%
Tripura
6%
Aland Islands (Finland)
0%
Alaska (US)
0%
Albania (Italy)
0%
Austria (Germany)
0%
Bahrain (GB)
0%
Belgium (Germany)
0%
Bermuda (GB)
0%
Bohemia And Moravia (Germany)
0%
Brunei (GB)
0%
CCP (Chinese Communist Party)
0%
Ceuta (Spain)
0%
Congo Free State (Belgium)
0%
Denmark (Germany)
0%
Gambier Islands (France)
0%
Hawaii (US)
0%
Johor (GB)
0%
Kedah (GB)
0%
Kelantan (GB)
0%
Korea (Japan)
0%
Kuwait (GB)
0%
Lebanon (France)
0%
Luxembourg (Germany)
0%
Malaya (GB)
0%
Manchekuo
0%
Mengjiang
0%
Muscat And Oman (GB)
0%
Netherlands (Germany)
0%
Norway (Germany)
0%
Pan African Flag
0%
Panama Canal (US)
0%
Papua (Australia)
0%
Perlis (GB)
0%
Philippines (US)
0%
Poland (Germany & Russia)
0%
Puerto Rico (US)
0%
Qatar (GB)
0%
Rhode Islands
0%
Sarawak (GB)
0%
Sark (GB)
0%
Slovakia (Germany)
0%
Syria (France)
0%
Tangier
0%
Terengganu (GB)
0%
Transjordan (GB)
0%
Truical States (GB)
0%
Tunisia (France)
0%
US Virgin Islands (US)
0%
Wallis And Futuna (France)
0%
Zanzibar (GB)
0%
No matching quizzes found
Score Distribution
Percent of People with Each Score
Percentile by Number Answered
Your Score History
You have not taken this quiz